| 000 | 01736nam0a2200349 4500 | ||
|---|---|---|---|
| 001 | RU\NLR\BIBL_A\022490510 | ||
| 005 | 20260408135113.0 | ||
| 010 |
_a978-5-209-11810-7 _9100 |
||
| 035 | _a(NLR Aleph) 022490510 | ||
| 090 |
_a13381415 _c13381415 |
||
| 100 | _a20250314d2024 |||y0rusy50 ca | ||
| 101 | 0 | _aeng | |
| 102 | _aRU | ||
| 105 | _ay z 100yy | ||
| 181 | 0 |
_ai4 _baxxe |
|
| 182 | 0 | _an | |
| 200 | 1 |
_aThe student conference "Differential equations and mathematical modeling", Russia, Moscow, May 15-17, 2024 _eabstracts _fPeople's friendship university of Russia named after Patrice Lumumba |
|
| 203 |
_aТекст _bвизуальный _cнепосредственный |
||
| 210 |
_aMoscow _cPeople's friendship university of Russia named after Patrice Lumumba _d2024 |
||
| 215 |
_a79 c. _d20 |
||
| 225 | 1 | _aПриоритет 2030 | |
| 320 | _aБиблиогр. в конце ст. | ||
| 541 | 1 |
_aСтуденческая математическая конференция "Дифференциальные уравнения и математическое моделирование", Россия, Москва, 15 - 17 мая 2024 г. _eтезисы докладов |
|
| 606 | 1 |
_aДифференциальные уравнения _jТезисы докладов _91261155 _3RU\NLR\AUTH\66200289 |
|
| 606 | 1 |
_aМатематическое моделирование _jТезисы докладов _9907670 _3RU\NLR\AUTH\6611207 |
|
| 686 | 1 | _aВ1я431 | |
| 710 | 1 | 2 |
_8eng _a"Differential equations and mathematical modeling", student conference _f2024 _eMoscow _7ba _3RU\NLR\AUTH\880625349 _92657717 |
| 942 | _cBOOK | ||
| 980 | _aNB | ||